پہلا فضائ حملہ / (Record no. 37126)

MARC details
000 -LEADER
fixed length control field 02197nam a22003137a 4500
005 - DATE AND TIME OF LATEST TRANSACTION
control field 2010072105045.0
008 - FIXED-LENGTH DATA ELEMENTS--GENERAL INFORMATION
fixed length control field 100412t xxu||||| |||| 00| 0 ur d
020 ## - INTERNATIONAL STANDARD BOOK NUMBER
Terms of availability 20.00
035 ## - SYSTEM CONTROL NUMBER
System control number B-395111-5117
037 ## - SOURCE OF ACQUISITION
Source of stock number/acquisition Educational Publishing House
040 ## - CATALOGING SOURCE
Original cataloging agency dpl
Language of cataloging ur
082 ## - DEWEY DECIMAL CLASSIFICATION NUMBER
Classification number ک
100 ## - MAIN ENTRY--PERSONAL NAME
Personal name زبير طارق
9 (RLIN) 10430
245 ## - TITLE STATEMENT
Title پہلا فضائ حملہ /
Statement of responsibility, etc زبير طارق
Remainder of title
246 ## - VARYING FORM OF TITLE
Title proper/short title Pehla Fizai Hamla /
Remainder of title by Zubair Tariq
260 ## - PUBLICATION, DISTRIBUTION, ETC. (IMPRINT)
Place of publication, distribution, etc دلّی
Name of publisher, distributor, etc ايجو کيشنل پبلشنگ ہاؤس
Date of publication, distribution, etc 2009
270 ## - ADDRESS
Address 3108,VakilStreet, Kucha Pandit, Lal Kuan
City Delhi
Postal code 110006
Telephone number 23216162, 23214465
Electronic mail address info@ephbooks.com,ephdelhi@yahoo.com
Fax number 0091-11-23211540
300 ## - PHYSICAL DESCRIPTION
Extent 44 ص
Other physical details 22س م (pbk)
500 ## - GENERAL NOTE
General note
942 ## - ADDED ENTRY ELEMENTS (KOHA)
Source of classification or shelving scheme Dewey Decimal Classification
Item type Children Books
Classification part ک
Call number suffix ز ب ے
Holdings
Withdrawn status Lost status Source of classification or shelving scheme Damaged status Not for loan Collection code Home library Current library Date acquired Source of acquisition Cost, normal purchase price Total Checkouts Full call number Barcode Date last seen Copy number Cost, replacement price Koha item type
  Written-off vide DLB M. No. 383 dt 16.05.19 Dewey Decimal Classification     Fiction Central Library Central Library 21/07/2010 EPH /3406 / 31.03.10 / 4:5 / 25.03.10 / 31.03.10 20.00   ک ز ب ے B-395111 21/07/2010 1 20.00 Children Books
    Dewey Decimal Classification     Fiction Janak Puri Janak Puri 21/07/2010 EPH /3406 / 31.03.10 / 4:5 / 25.03.10 / 31.03.10 20.00 1 ک ز ب ے B-395113 29/12/2011 1 20.00 Children Books
  Written-off vide DLB M. No. 383 dt 16.05.19 Dewey Decimal Classification     Fiction Karol Bagh Karol Bagh 21/07/2010 EPH /3406 / 31.03.10 / 4:5 / 25.03.10 / 31.03.10 20.00   ک ز ب ے B-395115 21/07/2010 1 20.00 Children Books
    Dewey Decimal Classification     Fiction Patel Nagar Patel Nagar 21/07/2010 EPH /3406 / 31.03.10 / 4:5 / 25.03.10 / 31.03.10 20.00   ک ز ب ے B-395112 21/07/2010 1 20.00 Children Books
    Dewey Decimal Classification     Fiction R.C.Libraries (BL-IV) R.C.Libraries (BL-IV) 21/07/2010 EPH /3406 / 31.03.10 / 4:5 / 25.03.10 / 31.03.10 20.00   ک ز ب ے B-395117 21/07/2010 1 20.00 Children Books
  Written-off vide DLB M. No. 383 dt 16.05.19 Dewey Decimal Classification     Fiction Shahdara Branch Shahdara Branch 21/07/2010 EPH /3406 / 31.03.10 / 4:5 / 25.03.10 / 31.03.10 20.00   ک ز ب ے B-395116 21/07/2010 1 20.00 Children Books
  Written-off vide DLB M. No. 383 dt 16.05.19 Dewey Decimal Classification     Fiction Sriniwas Puri Sriniwas Puri 21/07/2010 EPH /3406 / 31.03.10 / 4:5 / 25.03.10 / 31.03.10 20.00   ک ز ب ے B-395114 21/07/2010 1 20.00 Children Books

© Delhi Public Library
Hit Counter
free hit counter